| 000 | 00620nam a2200205Ia 4500 | ||
|---|---|---|---|
| 003 | GCL | ||
| 008 | 140319s9999 xx 000 0 ara d | ||
| 040 |
_aGCL / _cGCL |
||
| 082 | 0 | 4 |
_a398.2 _bن ا |
| 100 | 1 | _aنهياروت , أ.أ | |
| 245 | 1 | 0 |
_aالآلهه والابطال فى اليونان القديمه / _cنهياروت , أ.أ |
| 700 | 1 | _aهاشم حمادى | |
| 300 | _a268 | ||
| 490 |
_a100 قصة _v0 |
||
| 650 | 0 | 4 | _aالادب الشعبى |
| 650 | 0 | 4 | _aالفن والاساطير |
| 650 | 0 | 4 | _aالاساطير اليونانية |
| 650 | 0 | 4 | _aاليونان القديمة |
| 942 |
_2ddc _cBK |
||
| 999 |
_c44099 _d44099 |
||